L'Attaque des Titans 120 Personnages sans Indices - Statistiques

Statistiques générales
  • Ce quiz a été pris 111 fois
  • Le résultat moyen est 39 sur 120
Statistiques - réponses
Numéro Réponse % Correct
1 Eren Yeager / Eren Jäger
100%
2 Mikasa Ackerman
98%
3 Armin Arlert
97%
4 Jean Kirstein
97%
12 Levi Ackerman / Livaï
97%
5 Connie Springer
94%
14 Reiner Braun
94%
11 Erwin Smith
91%
6 Sasha Blouse / Sasha Braus
91%
13 Hange Zoë / Hansi
88%
7 Historia Reiss / Krista Lenz
88%
15 Bertolt Hoover
86%
21 Gabi Braun
86%
16 Annie Leonhart
84%
17 Zeke Yeager / Sieg
84%
8 Ymir
83%
77 Grisha Yeager
78%
22 Falco Grice / Falco Gleis
77%
39 Dot Pixis
73%
18 Pieck Finger
73%
9 Marco Bott
72%
65 Kenny Ackerman
69%
78 Carla Yeager
64%
19 Porco Galliard
63%
25 Petra Ral
61%
67 Rod Reiss / Rhodes
52%
87 Niccolo
47%
10 Floch Forster / Frock Vorster
45%
46 Hannes
45%
20 Marcel Galliard
45%
95 Eren Kruger
42%
91 Theo Magath
42%
106 Yelena
42%
55 Darius Zackly / Daris Zackley
39%
115 Roi Fritz
39%
99 Dina Fritz
38%
68 Frieda Reiss
36%
56 Keith Shadis
36%
24 Mike Zacharias
36%
107 Onyankopon
36%
103 Willy Tybur
36%
117 Maria Fritz
34%
118 Rose Fritz
34%
119 Sheena Fritz / Sina
34%
89 Zofia / Sophia
33%
29 Moblit Berner
31%
26 Oluo Bozad / Auruo Bossard
30%
50 Hitch Dreyse
28%
23 Colt Grice / Kord Gleis
27%
104 Lara Tybur
27%
57 Thomas Wagner
27%
71 Karl Fritz
25%
49 Marlowe Freudenberg / Marlo
25%
27 Eld Jinn / Erd Gin
23%
82 Kuchel Ackerman
23%
58 Mina Carolina
23%
69 Uri Reiss / Uli
23%
32 Nanaba
22%
48 Nile Dok / Naile Dork
22%
90 Tom Ksaver / Xaver
22%
62 Daz
20%
28 Gunther Schultz
20%
43 Rico Brzenska
20%
116 Ymir Fritz
20%
33 Gelgar
17%
100 Grice / Gleis
17%
81 Kaya
17%
76 Nick
17%
61 Samuel Jackson
17%
88 Udo
17%
114 Bean
16%
98 Faye Yeager
14%
63 Franz Kefka
14%
64 Hannah Diamant
14%
83 Dimo Reeves
13%
84 Flegel Reeves
13%
44 Ian Dietrich
13%
45 Mitabi Jarnach
13%
79 Artur Blouse / Artur Braus
11%
30 Dita Ness
11%
105 Kiyomi Azumabito
11%
80 Lisa Blouse / Lisa Braus
11%
102 M. Leonhart
11%
36 Nifa
11%
113 Sonny
11%
38 Abel
9%
101 Karina Braun
9%
47 Lobov
9%
40 Anka Rheinberger
8%
51 Boris Feulner
8%
94 Carlo
8%
52 Djel Sannes
8%
96 Gross
8%
112 Halil
8%
109 Louise
8%
31 Luke Siss
8%
86 Peaure / Pyré
8%
111 Ramzi
8%
110 Surma
8%
66 Traute Caven
8%
70 Alma
6%
72 Aurille
6%
93 Calvi
6%
120 Démon de la Terre / Parasite
6%
41 Gustav
6%
35 Henning
6%
37 Keiji
6%
42 Kitz Weilman
6%
92 Koslow
6%
34 Lynne
6%
60 Nac Tias
6%
53 Ralph
6%
54 Roeg
6%
85 Roy
6%
75 Deltoff
5%
73 Gerald
5%
97 Muller
5%
59 Mylius Zeramuski
5%
108 Griez
3%
74 Roderich
3%
Aucun quiz correspondant
Distribution des résultats
% des personnes avec chaque résultat
Percentile par nombre de réponses
Votre historique - résultats
Vous n’avez pas pris ce quiz